000 00567nam a2200169 4500
008 160827b xxu||||| |||| 00| 0 eng d
022 _a2094-8042
082 _aDPer 370.105 M72 Jan-Dec 2012 v. 60-61
100 _913803
_aLuna, Monalisa V.
243 _a
245 _aA commencement speech at the high school graduation exercises/
_cMonalisa V. Luna.
260 _aPhilippines:
_bIn the Grade School, Inc.,
_cc2012.
300 _av60 n10, pages 401+;
_c28 cm.
500 _aThe Modern Teacher.
650 0 _913804
_aCommencements
_xSpeech
942 _2ddc
_cPER
999 _c4184
_d4184